000 00484 a2200169 4500
005 20260514120406.0
008 260514b |||||||| |||| 00| 0 eng d
020 _a9780198935919
040 _cSDCL
041 _2eng
_aeng
084 _aV:(D).2'N R5
245 _aEngineers and Society in India :
_bFrom circa 1850 to present times
260 _aNew York :
_bOxford University Press,
_c2025.
300 _axxx, 349p.
700 _aCaru, Vanessa ed.
_91239352
942 _cTEXL
_2CC
999 _c1851384
_d1851384